[Event "Terrassa"]
[Site "Terrassa"]
[Date "1990.??.??"]
[Round "2"]
[White "Spraggett, Kevin"]
[Black "Rodriguez Vargas, Orestes"]
[Result "0-1"]
[WhiteElo "2555"]
[BlackElo "2500"]
[Annotator "Ftacnik,L"]
[PlyCount "66"]
[EventDate "1990.04.??"]
[EventType "tourn"]
[EventRounds "11"]
[EventCountry "ESP"]
[EventCategory "11"]
[SourceTitle "CBM 019"]
[Source "ChessBase"]
[SourceDate "1990.12.01"]
[SourceVersion "1"]
[SourceVersionDate "1990.12.01"]
[SourceQuality "1"]

1. c4 e6 2. Nc3 d5 3. d4 c5 4. cxd5 exd5 5. Nf3 Nc6 6. e3 Nf6 7. Be2 cxd4 8.
Nxd4 Bd6 9. O-O O-O 10. Nf3 Be6 11. Nb5 Bc5 12. b3 Qe7 13. Bb2 Ne4 (13... Rac8
{Larsen,B-Tal,M/Eersel m/3/1969/} 14. Rc1 $1 $14 {Larsen}) 14. Nbd4 Rac8 15.
Nxc6 (15. Rc1) 15... bxc6 16. Rc1 f6 (16... Bb6 17. Nd4) 17. Qd3 (17. Nd4 Bd7 (
17... Bxd4 18. Qxd4 c5 19. Qd3 Rfd8)) 17... Bd6 18. Qa6 c5 19. Rfe1 Rc7 20. g3
Rb8 21. Ba3 Rb6 22. Qa5 Bg4 (22... c4 23. Bxd6 Nxd6 24. Nd4 $14) 23. Rcd1 Qe6
24. Rd3 (24. Rxd5 $2 Qxd5 (24... Bxf3 25. Rxd6 Qxd6 26. Bxf3 $44) 25. Bc4 Qxc4
26. bxc4 Bxf3 $19) 24... Bf8 25. Red1 Rd7 26. b4 $6 c4 $3 (26... cxb4 27. Nd4
Qe7 28. Bxg4 bxa3 29. Bxd7 $18) 27. Rxd5 (27. Nd4 cxd3 $1 28. Nxe6 dxe2 29. Re1
Rxe6 $19) 27... Rxd5 28. Rxd5 (28. Qxd5 $2 Qxd5 29. Rxd5 Nc3 30. Rd2 Nxe2+ 31.
Rxe2 Bxf3) 28... Nc3 29. Bxc4 Bxf3 $1 30. Rd4 Qxc4 $1 31. Rxc4 Rd6 32. Rd4 $8
Ne2+ 33. Kf1 Nxd4 {Ftacnik,L} (33... Nxd4 34. b5 (34. exd4 Rxd4 35. Qa4 Rd1+
$19) 34... Nb3 $3 $19 (34... Rd7 35. Bxf8 Kxf8 $2 36. exd4 Rxd4 37. Qa3+ Kg8
38. Qxf3 $18)) 0-1

[Event "EU-Cup 18th"]
[Site "Kallithea"]
[Date "2002.09.28"]
[Round "7.4"]
[White "Maksimenko, Andrei"]
[Black "Kosic, Dragan"]
[Result "1/2-1/2"]
[WhiteElo "2523"]
[BlackElo "2542"]
[Annotator "Ftacnik,L"]
[PlyCount "76"]
[EventDate "2002.09.22"]
[EventType "team-swiss"]
[EventRounds "7"]
[EventCountry "GRE"]
[SourceTitle "CBM 092"]
[Source "ChessBase"]
[SourceDate "2003.02.06"]
[SourceVersion "1"]
[SourceVersionDate "2003.02.06"]
[SourceQuality "1"]
[WhiteTeam "Karpaty"]
[BlackTeam "Sarajevo Napredak"]
[WhiteTeamCountry "UKR"]
[BlackTeamCountry "BIH"]

1. d4 d5 2. c4 e6 3. Nc3 c5 4. cxd5 exd5 5. dxc5 d4 6. Na4 Bxc5 7. Nxc5 Qa5+ 8.
Bd2 Qxc5 9. Rc1 Qf5 10. Qa4+ Nc6 11. Nf3 (11. Rxc6 Bd7 12. Qc2 d3 $2 (12...
bxc6 $19) 13. Qc3 Bxc6 14. Qxg7 O-O-O 15. Qxh8 Nf6 16. Qg7 Ne4 17. Nf3 Qc5 18.
exd3 Nxd2 19. Kxd2 Qxf2+ 20. Be2 Be4 21. Qc3+ Bc6 22. Ne5 {1-0 Brooks,
J-Gabbara,F/Detroit 1994/ (27)}) 11... Qd5 12. b4 {Giving up the dark squared
bishop can not be very good for black, but he just wants to survive the
opening with some development advantage as some compensation.} b5 13. Qa3 (13.
Qc2 Nge7 14. e3 dxe3 15. Bxe3 a6 $14) 13... Nge7 14. e3 dxe3 15. fxe3 (15. Bxe3
a6 (15... O-O 16. Rc5 Qe4 17. Bxb5 Nxb4 18. O-O $16) 16. Rc5 Qe4 17. Bxb5 Bb7
18. Ba4 O-O 19. O-O Qxb4 $14) 15... a5 $6 (15... O-O 16. Rc5 Qd6 17. Bxb5 $16)
16. bxa5 (16. Rc5 axb4 17. Qc1 Qe6 18. Bxb5 Bd7 $11) (16. Qb2 axb4 17. Qxg7 Rg8
18. Qxh7 Bf5 $13) 16... b4 $1 17. Bxb4 (17. Qb2 O-O) 17... Nxb4 18. Qxb4 Qxa5
19. Qxa5 (19. a3 O-O 20. Qxa5 Rxa5 21. Ra1 Be6 $11) (19. Bb5+ Bd7 20. Qxa5 Rxa5
21. Bc4 Be6) 19... Rxa5 20. Bc4 Be6 21. Bxe6 {Maksimenko was truly challenged
to choose the most promising continuation, more conservative 21.Bb3!? seemed
promising as well.} (21. Bb3 $5 Bxb3 22. axb3 Kd7 23. O-O Rb8 24. Rfd1+ Ke8 25.
Nd4 $16) 21... fxe6 22. Rc7 Rxa2 23. O-O Rf8 $1 (23... g6 24. Ng5 $16) 24. Rb1
Ra8 (24... Kd8 25. Rcb7 g6 26. Nd4 Rf6 27. Rb8+ Kc7 28. R1b7+ Kd6 29. Rd8+ Ke5
30. Nf3+ Rxf3 31. gxf3 $16) 25. Rbb7 Rf7 26. h4 (26. Ne5 $4 Ra1+ $19) 26... Rc8
27. Rd7 (27. Ng5 Rxc7 28. Rxc7 Rf6 29. Nxh7 Rh6 30. Ng5 Nd5 31. Rxg7 Nxe3 32.
Rh7 Rxh7 33. Nxh7 Nf5 34. h5 Kf7 $14) 27... Rd8 28. Rdc7 Rc8 29. Rd7 Rd8 30.
Rxd8+ Kxd8 31. Ng5 Rf6 32. Nxh7 Rg6 (32... Rh6 33. Ng5 Rxh4 34. Nxe6+ Ke8 35.
Nxg7+ Kf8 36. Rxe7 Rh7 37. Rc7 $18) 33. Nf8 $6 {White is spoiled by the
pleasant flow of the game and fails to challenge the opponent with the most
difficult continuation.} (33. h5 Rh6 (33... Rg4 34. Nf8 Re4 35. Kf2 $16) 34.
Ng5 Ke8 35. g4 $16) 33... Rh6 34. Rb6 (34. g4 $5 Rxh4 35. Nxe6+ Ke8 36. Nxg7+
Kf8 37. g5 Re4 38. Nh5 Rxe3 $16) 34... Nf5 (34... e5 35. Rxh6 gxh6 36. g4 Ke8
37. Ne6 Kf7 38. Nc5 $16) 35. Rxe6 $6 (35. Nxe6+ $1 Ke7 36. Nxg7 Rxb6 37. Nxf5+
Kf6 38. g4 Rb2 39. Nd4 Ke5 40. g5 $18) 35... Rxe6 36. Nxe6+ Ke7 37. e4 (37.
Nxg7 Nxg7 38. g4 Kf6 $11) 37... Kxe6 38. exf5+ Kxf5 (38... Kxf5 39. Kh2 Kg4 40.
g3 g5 $11) 1/2-1/2

[Event "Dhaka"]
[Site "Dhaka"]
[Date "1995.??.??"]
[Round "13"]
[White "Krasenkow, Michal"]
[Black "Magomedov, Magaram"]
[Result "1-0"]
[WhiteElo "2575"]
[BlackElo "2455"]
[Annotator "Ftacnik,L"]
[PlyCount "49"]
[EventDate "1995.??.??"]
[EventType "tourn"]
[EventRounds "13"]
[EventCountry "BAN"]
[EventCategory "9"]
[SourceTitle "CBM 048"]
[Source "ChessBase"]
[SourceDate "1995.10.01"]
[SourceVersion "1"]
[SourceVersionDate "1995.10.01"]
[SourceQuality "1"]

1. d4 {Kortschnoj Chekhov} d5 2. c4 e6 3. Nc3 c5 4. cxd5 exd5 5. Nf3 Nc6 6.
dxc5 d4 7. Na4 b5 (7... Bxc5 {Chekhov} 8. Nxc5 Qa5+ 9. Bd2 (9. Qd2 Qxc5 10. e3
dxe3 11. Qxe3+ Qxe3+ 12. Bxe3 Nge7 13. Bc4 Be6 14. Bxe6 fxe6 15. Ng5 Kd7 16.
O-O-O+ Nd5 17. Rhe1 $14 {Knaak,R-Petursson,M/Novi Sad/1990/1|0/57/}) 9... Qxc5
10. e3 Nge7 $6 (10... dxe3 $5 11. Bxe3 Qb4+ 12. Qd2 Qxd2+ 13. Nxd2 Nge7 $14)
11. Rc1 Qd6 $2 12. Bc3 $18 {Rooda,K-Van Den Dong,B/Enscede/1994/1|0/58/}) (7...
Bf5 {Chekhov, !~/= Kortschnoj} 8. e3 d3 9. Qb3 Qd7 10. Bd2 Nf6 11. O-O-O O-O-O
12. Bc3 Be7 13. Rd2 Bg6 14. Bxd3 $1 Bxd3 15. Rhd1 Qg4 16. Rxd3 Rxd3 17. Rxd3
Ne4 18. Qc4 $18 {Nepomnishay,M-Zapolockis,D/Kstovo/1994/1|0/28/}) (7... Bg4 {
Chekhov} 8. e3 Bxf3 9. gxf3 Bxc5 10. Nxc5 Qa5+ 11. Bd2 Qxc5 12. b4 Qd5 13. b5
Ne5 14. e4 Qe6 15. f4 Nc4 16. Bxc4 Qxc4 17. Qb3 Qxb3 18. axb3 $16 {Knaak,
R-Kern,G/Dortmund/1992/1|0/41/}) 8. cxb6 axb6 9. e3 (9. b3 Nf6 10. g3 (10. e3
b5 11. Nb2 (11. Bxb5 Qa5+ 12. Nc3 Bd7 13. Nxd4 Ne4 14. Bxc6 Bxc6 15. Bd2 Nxd2
16. Nxc6 Qxc3 17. Rc1 Nf3+ 18. Kf1 Nd2+ 19. Ke1 Nf3+ 20. Kf1 {0.5/Bakic,
R-Kostic,V/JUG-chT Cetinje (7)/1990/}) 11... Ne4 12. Bd3 Bb4+ 13. Kf1 Nc3 14.
Qc2 Qd5 15. Nd1 Bh3 16. Nxc3 Qxf3 17. Be4 Bxg2+ 18. Kg1 Qg4 19. Bxg2 Bxc3 20.
h3 Qe6 21. Bb2 $13 {Kindl,P-Hoensch,M/Möglingen Württ-ch [1]/1989/0.5 (31)})
10... Bb4+ (10... b5 11. Nb2 Nd5 12. Nd3 Nc3 13. Qc2 Bf5 14. Bg2 Nb4 15. Qd2
Ne4 16. Qb2 Nxd3+ 17. exd3 Bb4+ 18. Kf1 Nxg3+ 19. fxg3 Bxd3+ 20. Kg1 Bc3 21.
Qf2 Bxa1 22. Ne5 Bg6 23. Bc6+ Kf8 24. Kg2 Bc3 $17 {Kubala,M-Frolik,M/TCH-ch 
(04)/1993/0-1 (44)}) 11. Bd2 O-O 12. Bxb4 Nxb4 13. a3 d3 14. axb4 Re8 15. e3
Ng4 16. Bxd3 Bb7 17. Be2 Qf6 18. O-O Rad8 19. Qc2 Qh6 20. h4 Nxe3 21. fxe3
Qxe3+ 22. Rf2 Bxf3 23. Bxf3 Qe5 24. Qc3 Rd4 25. Kg2 {1-0/Pastor,K-Vybiral,Z/
TCH-ch (02)/1993/}) 9... Bb4+ (9... dxe3 {Chekhov} 10. Bxe3 $1 Qxd1+ (10...
Bb4+ 11. Nc3 $16) 11. Rxd1 Rxa4 (11... Bb4+ 12. Nc3 Bxc3+ 13. bxc3 Rxa2 14.
Bxb6 $16) 12. Bb5 Bb4+ 13. Bd2 (13. Kf1 $4 Ba6 $19) 13... Bxd2+ 14. Kxd2 $1
Rxa2 15. Bxc6+ $16) (9... b5 {Kortschnoj} 10. Bxb5 Qa5+ 11. Nc3 $1 $18) 10. Bd2
dxe3 (10... Bd7 $5 11. Bb5 Ra5 12. Bxb4 Rxb5 13. Bd2 Nf6 14. Nxd4 Nxd4 15. exd4
Bg4 16. Qc2 Qxd4 17. O-O O-O 18. Be3 Qd6 19. f3 $14 {Oms Pellice,J-Zabala,A/
ESP-ch (6)/1993/0-1 (41)}) (10... Bxd2+ {Chekhov} 11. Qxd2 $1 Rxa4 12. Bb5) 11.
Bxb4 (11. fxe3 {Kortschnoj} Bd7 $14) 11... Qxd1+ 12. Rxd1 Rxa4 (12... exf2+ 13.
Kxf2 Nxb4 14. Nxb6 $16 (14. Bb5+ {Chekhov} Ke7 15. Nxb6 $18)) 13. Bc3 Nge7 {
Black has to save the later possibility Ra1+.} (13... exf2+ 14. Kxf2 Nge7 15.
Bb5 Rxa2 16. Ne5 Bb7 17. Rd6 $18 (17. Rd7 {Chekhov} Ba8 18. Rxe7+ $16)) 14.
fxe3 (14. Bb5 Rxa2 15. Ne5 Bb7 {Chekhov} 16. Rd7 Ba8 17. Rxe7+ Kxe7 18. Nxc6+
Bxc6 19. Bxc6 Ra1+) 14... Rxa2 (14... O-O 15. a3 $16) 15. Bxg7 Rg8 16. Bc3 {
Two B and a spare P are enough for a convincing victory.} Ra8 (16... Ba6 $142 {
Chekhov} 17. Bxa6 Rxa6 18. Kf2 b5 19. Ra1 Rxa1 20. Rxa1 Kd7) (16... Be6 $6 {
Chekhov} 17. Bb5 $1) 17. Kf2 Bf5 (17... Rg6 18. Bb5 $16) 18. Bb5 Be4 (18... Rc8
19. Rd6 $16) 19. Rd6 Rg6 20. Rhd1 Rxd6 21. Rxd6 Rd8 22. Rf6 Rc8 (22... Kf8 23.
Ng5 $18) 23. Ne5 Bd5 24. Rh6 Kf8 (24... Be4 25. Nc4 $18 (25. Bb4 $18 {
Kortschnoj})) 25. Nd7+ (25. Nd7+ Kg8 26. Nf6+ Kf8 27. Nxh7+ $18) 1-0

[Event "Haninge"]
[Site "Haninge"]
[Date "1990.??.??"]
[Round "7"]
[White "Karpov, Anatoly"]
[Black "Hector, Jonny"]
[Result "1-0"]
[WhiteElo "2730"]
[BlackElo "2465"]
[Annotator "Ftacnik,L"]
[PlyCount "47"]
[EventDate "1990.05.??"]
[EventType "tourn"]
[EventRounds "11"]
[EventCountry "SWE"]
[EventCategory "14"]
[SourceTitle "CBM 018"]
[Source "ChessBase"]
[SourceDate "1990.10.01"]
[SourceVersion "1"]
[SourceVersionDate "1990.10.01"]
[SourceQuality "1"]

1. d4 d5 2. c4 e6 3. Nc3 c5 4. cxd5 cxd4 5. Qa4+ Bd7 6. Qxd4 exd5 7. Qxd5 Nc6
8. e3 Nf6 9. Qb3 $1 Bc5 (9... Bb4 10. Bd2 O-O 11. Nf3 $14) (9... Bd6 $5) 10.
Nf3 O-O 11. Be2 Be6 12. Qa4 (12. Qd1 Qc7 13. O-O Rad8) 12... Qc7 13. O-O Rad8
14. Bd2 Ng4 (14... Ne5 15. Rfd1 Nfg4 16. Nxe5 Nxe5 17. Be1 $16) 15. Rfd1 $1 Bd6
(15... Rxd2 16. Rxd2 Nxe3 17. fxe3 Bxe3+ 18. Kh1 $18) 16. g3 Qe7 17. Be1 f5 (
17... Qf6 18. Ne4 Qh6 19. Nxd6 Nce5 20. h4 $18) 18. Nd5 $1 Qf7 19. Ng5 Qh5 20.
h4 Bc8 (20... Bxd5 21. Rxd5 Bxg3 22. fxg3 $1 (22. Rxd8 Bh2+ 23. Kg2 Nxd8) 22...
Rxd5 23. Qb3 Rfd8 24. Rd1 Ne7 25. Bf3 $1 $18) 21. Nf4 Bxf4 (21... Qe8 22. Qb3+
Kh8 23. Nfe6 $18) 22. Rxd8 Nxd8 23. Qxf4 Nc6 (23... h6 $5 $16) 24. Qc7 {
Ftacnik,L} (24. Qc7 Nce5 25. Bc3 $18) 1-0

[Event "Linares 11th"]
[Site "Linares"]
[Date "1993.??.??"]
[Round "4"]
[White "Bareev, Evgeny"]
[Black "Ljubojevic, Ljubomir"]
[Result "1-0"]
[WhiteElo "2670"]
[BlackElo "2605"]
[Annotator "Ftacnik,L"]
[PlyCount "71"]
[EventDate "1993.02.??"]
[EventType "tourn"]
[EventRounds "13"]
[EventCountry "ESP"]
[EventCategory "18"]
[SourceTitle "CBM 034"]
[Source "ChessBase"]
[SourceDate "1993.06.01"]
[SourceVersion "1"]
[SourceVersionDate "1993.06.01"]
[SourceQuality "1"]

1. d4 {Konikowski} d5 2. c4 e6 3. Nc3 c5 4. cxd5 cxd4 5. Qa4+ (5. Qxd4 {
Konikowski} Nc6 6. Qd1 (6. Qa4 exd5 7. e3 Nf6 8. Nf3 Be6 9. Bb5 Bd7 (9... Qb6
$5) 10. b3 Bb4 11. Bd2 O-O 12. Bxc6 Bxc3 13. Bxc3 Bxc6 14. Qh4 Ne4 $10 {
Gerloff-Drüke/corr/1986/}) 6... exd5 7. Qxd5 Be6 8. Qxd8+ Rxd8 9. e3 Nb4 10.
Bb5+ Ke7 11. Kf1 $1 g5 12. f3 Bg7 13. Kf2 a6 14. Be2 b5 (14... Nf6 $5) 15. Nh3
Nc2 16. Rb1 b4 17. Bd1 $1 bxc3 (17... Rxd1 $2 18. Rxd1 bxc3 19. bxc3 Bxc3 20.
Rb7+ Kf6 21. Rc7 $18) 18. bxc3 g4 (18... Bxh3 19. gxh3 Nxe3 20. Bxe3 Bxc3 21.
Rb7+ $16) 19. Nf4 gxf3 20. gxf3 Bxa2 21. Rb7+ Rd7 22. Rxd7+ Kxd7 23. Bxc2 Bxc3
24. Ba4+ Kc7 25. Ba3 Kb6 26. Rc1 Be5 27. Nd3 Bf6 (27... Bxh2 28. Rc8 {/\ Bb2+-}
) 28. Rc6+ Ka5 29. Bc2 Bh4+ 30. Kg2 Ne7 31. Bb4+ Kb5 32. Rc5+ Kb6 33. Ba5+ Kb7
34. Nb4 Be6 35. Rc7+ Kb8 36. Nxa6+ Ka8 37. Be4+ Nd5 38. Bb6 Rg8+ 39. Kh1 {
1:0/Neurohr-Niedermaier/BL/1988/}) 5... b5 $5 (5... Bd7 {Konikowski} 6. Qxd4
exd5 7. Qxd5 Nc6 8. e3 (8. Nf3 Nf6 9. Qb3 Bc5 10. e3 (10. Bg5 O-O 11. e3 h6 12.
Bxf6 Qxf6 13. Ne4 $16 {Stam-Welling/Utrecht/1985/}) 10... O-O 11. Be2 Be6 12.
Qa4 Qc7 13. O-O Rad8 14. Bd2 Ng4 15. Rfd1 Bd6 16. g3 Qe7 17. Be1 f5 18. Nd5 Qf7
19. Ng5 Qh5 20. h4 Bc8 21. Nf4 Bxf4 22. Rxd8 Nxd8 23. Qxf4 Nc6 24. Qc7 {
1-0/Karpov-Hector/Haninge/1990/}) (8. Bg5 Nf6 9. Qd2 h6 (9... Bb4 10. Nf3 h6
11. Bxf6 Qxf6 12. a3 (12. e3 $142) 12... Ba5 13. Rc1 O-O-O 14. b4 Bg4 15. Qa2
Bc7 16. Nb5 Bxf3 17. gxf3 Bb6 18. Qc4 Kb8 19. Rg1 $2 (19. Bg2 $142 {/\ 20.0-0})
19... Rhe8 20. f4 Ne5 $1 21. Qe4 Nd3+ 22. exd3 Rxe4+ 23. dxe4 Bxf2+ $1 {
0-1/Ftacnik-Szeles/Zalaegerszeg/1979/}) 10. Bh4 g5 11. Bg3 Bb4 $5 12. f3 Qe7
13. a3 Bc5 14. Rd1 Be6 15. Bd6 Bxd6 16. Qxd6 Qxd6 17. Rxd6 Ke7 18. Rd2 Rhd8 19.
e3 Rxd2 20. Kxd2 Rd8+ 21. Kc1 $2 (21. Ke1 $142) 21... Na5 $132 {
Dreev-Rodriquez/Logrono/1991/}) 8... Nf6 9. Qd1 Bc5 10. Nf3 Qe7 11. Be2 O-O-O
12. O-O g5 13. b4 g4 (13... Bxb4 14. Qb3 g4 15. Nd4 Nxd4 16. exd4 Be6 17. Qb2
Nd5 18. Nxd5 Rxd5 19. Bf4 Bd6 20. Bxd6 Qxd6 21. Rfb1 b6 22. a4 $40 {
Prudnikowa-Vojska/Azov/1990/}) 14. bxc5 (14. Nd4 $5) 14... gxf3 15. Bxf3 Ne5
16. Be2 (16. Nd5 Nxf3+ 17. Qxf3 Nxd5 18. Qxd5 Rhg8 $132 {Zernitzki-Faas/
Leningrad/1978/}) 16... Rhg8 17. g3 Bc6 18. Qc2 Qe6 19. e4 Qh3 20. Bf4 Neg4 21.
Bxg4+ Rxg4 22. Qc1 Nh5 23. Ne2 Rdg8 24. f3 Nxf4 25. Qxf4 (25. Nxf4 Rxg3+ 26.
Kh1 Rxf3 $1 27. Nxh3 Rxf1+ 28. Qxf1 Bxe4+ $19) 25... Rxf4 26. Nxf4 Qh6 {
0-1/Truta-Portisch,F/Budapest/1993/}) 6. Qxd4 (6. Qxb5+ $2 Bd7 7. Qb7 dxc3 8.
Qxa8 cxb2 9. Bxb2 (9. Rb1 {Konikowski} bxc1=Q+ 10. Rxc1 Bb4+ 11. Kd1 Ba4+ 12.
Rc2 Qc7 $19) 9... Qa5+ 10. Kd1 Ba4+ 11. Kc1 Qe1#) (6. Nxb5 {Konikowski} Bd7 7.
d6 Bxb5 8. Qxb5+ Qd7 9. e3 dxe3 10. Bxe3 Bxd6 11. Rd1 Qxb5 12. Bxb5+ Ke7 13.
Nf3 Nf6 $10) 6... Nc6 (6... b4 $2 {Konikowski} 7. Nb5 exd5 (7... a6 8. dxe6 $1
Bxe6 (8... axb5 9. exf7+ Ke7 10. fxg8=N+ Ke8 11. Qe4+ $18) 9. Qe4 axb5 10. Qxa8
$18) 8. Qxd5 $1 Qxd5 9. Nc7+ Kd8 10. Nxd5 Bb7 11. Nf4 Nd7 12. Nf3 Bd6 13. g3
Rc8 14. Bg2 Ngf6 (14... Rc2 15. Kd1) 15. Nd3 Re8 16. Be3 Be4 (16... Rc2 17. Rc1
Rxc1+ 18. Nxc1 a5 19. Bd4 $16) 17. Kd2 a5 18. Rhc1 Rxc1 19. Rxc1 $16) 7. Qd2 (
7. Qd1 {Konikowski} exd5 8. e3 a6 9. Qxd5 Bb7 10. Nf3 Nf6 11. Qb3 (11. Qxd8+
Rxd8 12. Be2 Bc5 13. O-O O-O 14. b3 Rfe8 15. Bb2 Ba7 $13) 11... Bc5 (11... Bb4
12. Bd2 Qe7 13. Be2 O-O 14. O-O Na5 15. Qc2 Rac8 16. a3 Bd6 17. Rac1 Nc4 $13)
12. Be2 Qe7 13. O-O O-O 14. Rd1 Rfd8 15. Bd2 Rac8 $13) 7... exd5 8. Qxd5 Bd7 9.
Qe4+ (9. Bg5 $5 Nf6 (9... Be7 10. Bxe7 Ngxe7 11. Qd2) 10. Qd2) (9. Bg5 $5 {
Konikowski}) 9... Be7 10. Bg5 (10. Nxb5 $2 {Konikowski} Qa5+ 11. Nc3 Nf6 12.
Qf3 Rd8 13. e3 (13. Bd2 Nd4 14. Qd3 Be6 15. Qb1 Bb3 16. Ne4 (16. axb3 Qxa1 17.
Qxa1 Nc2+ 18. Kd1 Nxa1 $19) 16... Bb4 17. axb3 Nc2+ 18. Kd1 (18. Qxc2 Qxa1+ 19.
Qd1 Qxd1+ 20. Kxd1 Nxe4 $19) 18... Nxa1 19. Nf3 Nxb3 $19) 13... Nb4 14. Qd1 Bf5
15. Bb5+ Kf8 $19) 10... h6 11. Bxe7 Ngxe7 12. e3 Bf5 13. Qf4 a6 14. Nf3 g5 $1 (
14... Qa5 $5 {Konikowski} 15. Nd4 Nxd4 16. exd4 (16. Qxd4 O-O 17. Be2 Rad8 18.
Qf4 Nd5 19. Qxf5 Nxc3 20. a3 Nxe2+ 21. b4 Qc7 22. Kxe2 Qc4+ 23. Kf3 Qc6+ 24.
Kg3 Rd5 25. Qf3 Rg5+ 26. Kh4 Qc4+ 27. g4 (27. e4 f5 28. Rhe1 fxe4 29. Rxe4 Rxf3
30. Rxc4 Rxg2 31. Rc7 Rxh2+ 32. Kg4 Rfxf2 $19) 27... f5 28. Rhg1 fxg4 29. Qg2
g3+ 30. f4 Rxf4+ 31. exf4 Qxf4+ 32. Kh3 Qg4#) 16... Rd8 17. Be2 Qb4 18. Qc1
Rxd4 19. O-O O-O 20. a4 Bd3 21. Bxd3 Rxd3 22. axb5 axb5 $10) 15. Qg3 Qa5 16.
Be2 b4 17. Nd1 Be6 (17... b3+ 18. Nc3 Nd5 19. Qd6 $1 (19. Qd6 {Konikowski} Nce7
20. Qe5 f6 21. Qd4 Nb4 22. O-O Nc2 23. Qxf6 Rf8 24. Qxh6 Nxa1 25. Nxg5 Nc2 26.
Bh5+ Kd7 27. Rd1+ Kc7 28. Qd6+ Kc8 29. Qxe7 Rd8 (29... Rh8 30. Rd5 bxa2 31.
Rc5+ Qxc5 (31... Kb8 32. Qd6+ Kb7 33. Bf3+ $18) 32. Qxc5+ Kb8 33. Qe5+ Kb7 34.
Bf3+ $18) 30. Rxd8+ Qxd8 31. Qc5+ Kb8 32. Qxf5 $18)) 18. Nd4 (18. e4 g4 19. Nh4
Nd4 $17) 18... Nxd4 19. exd4 Nf5 20. Qe5 Qxe5 21. dxe5 Ke7 22. Bd3 Rhd8 (22...
Nd4 $5 $15) (22... Nd4 $5 {Konikowski} 23. h4 g4 24. Ne3 Rhd8 25. Rc1 Rac8 26.
Rxc8 Rxc8 27. Kd2 a5 $44) 23. Bxf5 Bxf5 24. Ne3 Ke6 25. O-O Kxe5 $2 (25... Rac8
26. Rac1 Bd3 $10) (25... Rd2 $142 $1 {Konikowski} 26. Rac1 (26. f4 Bd3 27. Rad1
Rxd1 28. Rxd1 gxf4 29. Rxd3 fxe3 30. Rxe3 Rc8 31. Rh3 Kxe5 32. Rxh6 Rc2 33.
Rxa6 Rxb2 34. h3 f5 35. Ra8 f4 36. h4 Kf5 37. h5 Kg5 38. Ra5+ Kh6 39. Rf5 (39.
Kf1 Rc2 40. Rb5 Rxa2 41. Rxb4 Kxh5 42. Rxf4 Kg5 $10) 39... Rxa2 40. Rxf4 b3 41.
Kh2 b2 42. Rb4 Kxh5 43. Kg3 $10) (26. Rfc1 Bg6 27. Rc6+ Ke7 28. Nc4 Rc2 29. Rd1
Rd8 30. Rcd6 Rxd6 31. exd6+ Kd8 32. Ne5 Rxb2 33. Nc6+ Kd7 34. Nb8+ Kd8 35. Nxa6
Bc2 (35... Rxa2 36. Nxb4 Re2 37. Kf1 Re6 38. Nc6+ Kd7 39. Nb8+ Kd8 40. Rd5 f6
41. f3 Be8 42. d7 Bg6 43. Rc5 Bd3+ 44. Kf2 Re2+ 45. Kg3 Rc2 46. Rxc2 Bxc2 47.
Kg4 Bg6 48. f4 h5+ 49. Kf3 Bf5 $10) 36. Rc1 Kd7 37. f3 b3 38. axb3 Bxb3 39.
Nb8+ Kxd6 40. Rc6+ Ke7 41. Rxh6 Bd5 42. Na6 g4 43. Nc7 Bb7 44. fxg4 Rxg2+ 45.
Kf1 Rxg4 $10) 26... Be4 (26... Rxb2 $2 27. Rc6+ Kxe5 28. Rc5+ Ke6 29. Nxf5 Rxa2
30. g4 b3 31. Rd1 f6 32. Rd6+ Kf7 33. Rc7+ Kg8 34. Rxf6 b2 35. Rg7+ Kh8 36.
Rxh6#) 27. Nc4 Rd4 28. b3 (28. Rfd1 Rad8 29. Rxd4 Rxd4 30. h3 Bd5 31. b3 Bxc4
32. bxc4 a5 33. c5 Kd7 34. c6+ Kc7 35. Rc5 a4 36. Ra5 a3 37. Ra7+ Kxc6 38. Rxf7
b3 $19) 28... Bd5 29. Nb6 Rd8 30. Nxd5 Kxd5 31. Rfe1 Re8 32. g3 Rxe5 33. Rxe5+
Kxe5 34. Rc6 Rd6 $10) 26. f4+ $1 gxf4 27. Nc4+ Kf6 (27... Kd4 28. Rxf4+ Be4 29.
Re1 f5 30. Ne3 $16 (30. Ne3 {Konikowski} Ke5 31. Rh4 $16)) 28. Rxf4 Kg5 29.
Raf1 Bd3 (29... Be6 30. Ne5 f5 31. Nf7+ $1 Bxf7 32. Rxf5+ Kg6 33. Rf6+ $16) 30.
h4+ Kh5 (30... Kg6 {Konikowski} 31. Ne5+ $18) 31. R1f3 f5 $6 (31... Bxc4 32.
Rxc4 $16 (32. Rxc4 {Konikowski} a5 33. Rxf7 Rd2 34. Rg7 (34. Rf2 $5) 34... Rad8
35. Rc5+ R8d5 36. Rxd5+ Rxd5 37. g3 Rd2 38. Ra7 Kg4 39. Rxa5 Kxg3 40. Kf1 Rxb2
41. h5 Kf3 42. Ke1 $10)) 32. Ne5 Be4 33. Kh2 $1 Rg8 (33... Bxf3 34. Rxf5+ Kxh4
35. g3#) 34. Kh3 $1 Bxf3 (34... Raf8 35. Rxe4 fxe4 36. Rxf8 Rxf8 37. g4#) 35.
Rxf5+ Rg5 36. hxg5 (36. hxg5 Be2 (36... Be4 37. g4#) 37. g6#) 1-0